Players with Multiple Red Cards in a Premier League Season - 2010s - Statistics

General Stats
  • This quiz has been taken 58 times
  • The average score is 15 of 41
Answer Stats
Hint Red Cards Team(s) / Nationality Answer % Correct
2016/17 2 Arsenal / Switzerland Granit Xhaka
94%
2016/17 2 Manchester City / Brazil Fernandinho
85%
2015/16 2 Southampton / Senegal Sadio Mané
83%
2011/12 2 Manchester City / Italy Mario Balotelli
79%
2015/16 2 Chelsea / England John Terry
74%
2013/14 2 Manchester United / Serbia Nemanja Vidic
74%
2015/16 3 Southampton / Kenya Victor Wanyama
74%
2018/19 2 Leicester City / Jamaica Wes Morgan
70%
2017/18 2 Leicester City / Nigeria Wilfred Ndidi
70%
2015/16 2 Newcastle United / Serbia Aleksandar Mitrovic
62%
2015/16 2 Chelsea / Belgium Thibaut Courtois
62%
2015/16 2 Everton / Belgium Kevin Mirallas
57%
2012/13 2 Everton / South Africa Steven Pienaar
55%
2011/12 2 Newcastle United & QPR / England Joey Barton
53%
2014/15 2 Newcastle United / France Moussa Sissoko
47%
2018/19 2 Southampton / Denmark Pierre-Emile Højbjerg
47%
2009/10 2 Liverpool / Argentina Javier Mascherano
45%
2011/12 2 QPR / France Djibril Cissé
43%
2017/18 2 Newcastle United / England Jonjo Shelvey
36%
2010/11 2 Arsenal / France Laurent Koscielny
36%
2010/11 2 Stoke City / England Ryan Shawcross
34%
2013/14 2 West Ham United / England Kevin Nolan
32%
2010/11 2 Sunderland / England Lee Cattermole
32%
2016/17 2 Watford / Uruguay Miguel Britos
21%
2009/10 2 Wigan Athletic / Scotland Gary Caldwell
17%
2013/14 3 Sunderland / England Wes Brown
17%
2012/13 2 Fulham / England Steve Sidwell
15%
2010/11 2 West Bromwich Albion / DR Congo Youssouf Mulumbu
15%
2014/15 2 Leicester City / England Paul Konchesky
13%
2014/15 2 Hull City / England Tom Huddlestone
13%
2013/14 2 Tottenham Hotspur / France Younes Kaboul
13%
2013/14 2 Hull City / Scotland Allan McGregor
11%
2010/11 2 Birmingham City / England Craig Gardner
11%
2014/15 2 Newcastle United / England Mike Williamson
11%
2011/12 2 Bolton Wanderers / England David Wheater
9%
2009/10 2 Hull City / Netherlands George Boateng
9%
2014/15 2 Tottenham Hotspur & Swansea City / England Kyle Naughton
9%
2009/10 2 Stoke City / Senegal Abdoulaye Faye
6%
2013/14 2 Swansea City / Spain Chico Flores
6%
2009/10 2 Hull City & Sunderland / England Michael Turner
4%
2009/10 2 Portsmouth / Portugal Ricardo Rocha
4%
No matching quizzes found
Score Distribution
Percent of People with Each Score
Percentile by Number Answered
Your Score History
You have not taken this quiz